LEADER 03119nas 2200889-a 450 001 9910303419003321 005 20240915213022.0 024 8 $a730404-3s 035 $a(DE-599)ZDB2847777-7 035 $a(CKB)110985822453556 035 $a(CONSER)---63059242- 035 $a(EXLCZ)99110985822453556 100 $a20750806a19539999 --- a 101 0 $aspa 181 $ctxt$2rdacontent 182 $cc$2rdamedia 183 $acr$2rdacarrier 200 10$aArtes de México 210 1$aMéxico, D.F. :$cFrente Nacional de Artes Plásticas,$d1953- 210 31$aMéxico, D.F. :$cArtes de México y del Mundo, S.A. de C.V. 215 $a1 online resource 300 $aRefereed/Peer-reviewed 300 $aTitle from cover. 300 $aEach issue has also a distinctive title. 300 $aSome issues reprinted; some issued as second editions. 300 $aKislak Reference Collection: No. 17 (May/June 1957), no. 66/67 (1965), no. 77/78 (1966), no. 97/98 (1967), no. 119 (1969), no. 134 (1970), no. 137 (1971?), no. 140 (1971), no. 144 (1971), no. 154 (1972), [nueva época], no. 32 (1996?).$5DLC 311 08$aPrint version: Artes de México (1953) 0300-4953 (DLC) 63059242 (OCoLC)1514326 531 $aART MEX 531 $aARTES MEX 531 0 $aArtes Méx. 606 $aArt$zMexico$vPeriodicals 606 $aArt, Mexican$vPeriodicals 606 $aArts$zMexico$vPeriodicals 606 $aArchitecture$zMexico$vPeriodicals 606 $aArt$vPeriodicals 606 $aArts$zMexique$vPériodiques 606 $aArte$zMéxico$vRevistas$2bidex 606 $aArte mexicano$vRevistas$2bidex 606 $aArtes$zMéxico$vRevistas$2bidex 606 $aArte$vRevistas$2bidex 606 $aArchitecture$2fast$3(OCoLC)fst00813346 606 $aArt$2fast$3(OCoLC)fst00815177 606 $aArt, Mexican$2fast$3(OCoLC)fst00816601 606 $aArts$2fast$3(OCoLC)fst00817721 606 $aArt$zMexico$xPeriodicals$xPUBLICACIONES PERIODICAS$2renib 607 $aMexico$xHistory$vPeriodicals 607 $aMexico$2fast$1https://id.oclc.org/worldcat/entity/E39QbtfRkxCrqQ3XXbCkdP63kc 608 $aSpanish language materials. 608 $aperiodicals.$2aat 608 $aHistory.$2fast 608 $aPeriodicals.$2fast 608 $aZeitschrift$2gnd-content 608 $aPeriodicals.$2lcgft 615 0$aArt 615 0$aArt, Mexican 615 0$aArts 615 0$aArchitecture 615 0$aArt 615 6$aArts 615 7$aArte 615 7$aArte mexicano 615 7$aArtes 615 7$aArte 615 7$aArchitecture. 615 7$aArt. 615 7$aArt, Mexican. 615 7$aArts. 615 7$aArt$xPeriodicals$xPUBLICACIONES PERIODICAS. 676 $a700/.972 712 02$aUniversidad Nacional Auto?noma de Me?xico. 712 02$aFrente Nacional de Artes Pla?sticas (Mexico) 712 02$aJay I. Kislak Reference Collection (Library of Congress) 906 $aJOURNAL 912 $a9910303419003321 920 $aexl_impl conversion 996 $aArtes de México$92786051 997 $aUNINA LEADER 03011nam 2200985zu 450 001 9910155290203321 005 20210803233139.0 010 $a9783318000160 010 $a3318000167 035 $a(CKB)3780000000101554 035 $a(SSID)ssj0000578652 035 $a(PQKBManifestationID)12197473 035 $a(PQKBTitleCode)TC0000578652 035 $a(PQKBWorkID)10577637 035 $a(PQKB)10227096 035 $a(OCoLC)849649985 035 $a(SZ-BaSKA)222228 035 $a(MiAaPQ)EBC31866627 035 $a(Au-PeEL)EBL31866627 035 $a(Perlego)825000 035 $a(EXLCZ)993780000000101554 100 $a20160829d1992 uy 101 0 $aeng 135 $aurunu||||| 181 $ctxt 182 $cc 183 $acr 200 00$aHeat-shock proteins and gamma-delta T cells 205 $a1st ed. 210 31$a[Place of publication not identified]$cKarger$d1992 215 $a1 online resource (VIII + 132 pages) : $c 8 figures, 14 tables 225 1 $aIssn Series 300 $aBibliographic Level Mode of Issuance: Monograph 311 08$a9783805555081 311 08$a3805555083 327 $aCIA199205300I -- CIA1992053001 -- CIA1992053017 -- CIA1992053032 -- CIA1992053047 -- CIA1992053061 -- CIA1992053075 -- CIA1992053086 -- CIA1992053102 -- CIA1992053121 -- CIA1992053129. 410 0$aIssn Series 606 $aReceptors, Antigen, T-Cell 606 $aMolecular Chaperones 606 $aLymphocytes 606 $aLeukocytes, Mononuclear 606 $aProteins 606 $aReceptors, Antigen 606 $aLeukocytes 606 $aAmino Acids, Peptides, and Proteins 606 $aReceptors, Immunologic 606 $aBlood Cells 606 $aReceptors, Cell Surface 606 $aChemicals and Drugs 606 $aImmune System 606 $aHemic and Immune Systems 606 $aMembrane Proteins 606 $aCells 606 $aBlood 606 $aAnatomy 606 $aT-Lymphocytes 606 $aHeat-Shock Proteins 606 $aReceptors, Antigen, T-Cell, gamma-delta 615 2$aReceptors, Antigen, T-Cell. 615 2$aMolecular Chaperones. 615 2$aLymphocytes. 615 2$aLeukocytes, Mononuclear. 615 2$aProteins. 615 2$aReceptors, Antigen. 615 2$aLeukocytes. 615 2$aAmino Acids, Peptides, and Proteins. 615 2$aReceptors, Immunologic. 615 2$aBlood Cells. 615 2$aReceptors, Cell Surface. 615 2$aChemicals and Drugs 615 2$aImmune System. 615 2$aHemic and Immune Systems. 615 2$aMembrane Proteins. 615 2$aCells. 615 2$aBlood. 615 2$aAnatomy. 615 2$aT-Lymphocytes. 615 2$aHeat-Shock Proteins. 615 2$aReceptors, Antigen, T-Cell, gamma-delta. 702 $aBrosnan$b Celia F 801 0$bPQKB 906 $aBOOK 912 $a9910155290203321 996 $aHeat-shock proteins and gamma-delta T cells$92788776 997 $aUNINA